Slovenský raj

Enregistré dans:
Détails bibliographiques
Auteur principal: Jiroušek, Ladislav (Auteur)
Format: Livre
Langue:slovaque
Publié: Sp.N.Ves : BF-Lubafotopres, 1993
Édition:1. vydanie
Sujets:
Tags: Ajouter un tag
Pas de tags, Soyez le premier à ajouter un tag!

MARC

LEADER 00000nam a22000003a 4500
001 stu11608
005 20150617225805.0
008 950628s1993----xo------------------slo-d
040 |a STU  |b slo 
041 0 |a slo 
044 |a xo 
100 1 |a Jiroušek, Ladislav  |4 aut 
245 1 |a Slovenský raj 
250 |a 1. vydanie 
260 |a Sp.N.Ves :  |b BF-Lubafotopres,  |c 1993 
300 |a nestr 
650 7 |a Slovensko geografia  |2 stusub 
996 |b 284AU02701  |c A*2606 U  |l AAKNAR  |s A  |a 24  |w stu11608_0001